M-VAC chemoterapia v liečbe infiltrujúcich nádorov močového mechúra

Bibliographic Details
Main Authors: Ondruš, Dalibor, 1953- (Author), Horňák, Michal, 1929-2016 (Author), Ondruš, R. (Author), Belan, Víťazoslav (Author)
Format: Article
Language:Slovak
PhysicalDescription:Fot. 5. Tb. 1.
Subjects:

MARC

LEADER 00000nab a2200000 a 4500
001 vtls000425042
003 SK-MaSNL
005 20260304030529.0
008 230120c1991 xo 0 slo
015 |a SNBRB19rr/mm-uuuuu 
035 |a CL0425170 
035 |a urn:nbn:sk:snk-ab6lfp 
035 |a (uuid)07595375-225b-4fbf-82c9-669f218b454b 
035 |a (urnnbn)urn:nbn:sk:snk:ar-005gci 
035 |a (sysno)vtls000425042 
040 |a SNKBUCL  |b slo  |c SNKBUCL  |e AACR2 
041 0 |a slo  |b eng  |b ger  |b rus 
044 |a xo  |c SK 
080 |a 616.62-006:615.28  |2 1981 
080 |a 615.28  |2 1981 
245 0 0 |a M-VAC chemoterapia v liečbe infiltrujúcich nádorov močového mechúra  |c D. Ondruš ... [et al.] 
300 |b Fot. 5. Tb. 1. 
504 |a Bibliogr. odkazy 
546 |a Res. angl., nem., rus. 
650 0 7 |a močový mechúr  |2 snkbucl  |9 70115 
650 0 7 |a nádory močového mechúra  |2 snkbucl  |9 20101 
650 0 7 |a chemoterapia  |2 snkbucl  |9 13903 
655 7 |a štúdie  |2 snkbucl  |9 57033 
655 7 |a články z novín a časopisov  |2 snkbucl  |9 267496 
700 1 |a Ondruš, Dalibor,  |d 1953-  |4 aut  |9 102851 
700 1 |a Horňák, Michal,  |d 1929-2016  |4 aut  |9 25820 
700 1 |a Ondruš, R.  |4 aut  |9 1308947 
700 1 |a Belan, Víťazoslav  |4 aut  |9 493757 
773 0 |t Lekársky obzor  |g Roč. 40, č. 7 (1991), s. 403-411 
850 |a Slovenská národná knižnica v Martine  |a MTA001 
852 |a SNK  |b KIS3GCP 
954 |a odborná, vedecká literatúra pôvodná (slovenská)  |2 lita 
958 |a OND 
958 |a NB 
958 |a RK 
958 |a MI 
958 |a EUIPO 
958 |a article2022 
992 |a RBX 
999 |c 2634484  |d 2636414